书目信息 |
| 题名: |
观赏竹类
|
|
| 作者: | 王慷林 编著 | |
| 分册: | ||
| 出版信息: | 北京 中国建筑工业出版社 2004.03 |
|
| 页数: | 161页 | |
| 开本: | 21cm | |
| 丛书名: | 中国观赏植物图鉴丛书 | |
| 单 册: | ||
| 中图分类: | Q949.71 | |
| 科图分类: | ||
| 主题词: | 观赏型--guan shang xing--竹亚科--图谱 | |
| 电子资源: | ||
| ISBN: | 7-112-06227-6 | |
| 000 | 01124nam 2200253 450 | |
| 001 | 012007576668 | |
| 005 | 20070920102102.39 | |
| 010 | @a7-112-06227-6@dCNY45.00 | |
| 100 | @a20070818d2004 km y0chiy0120 ea | |
| 101 | 0 | @achi |
| 102 | @aCN@b110000 | |
| 105 | @aa a 001yy | |
| 200 | 1 | @a观赏竹类@Aguan shang zhu lei@f王慷林编著@Fwang kang lin bian zhu |
| 210 | @a北京@c中国建筑工业出版社@d2004.03 | |
| 215 | @a161页@c彩图@d21cm | |
| 225 | 2 | @a中国观赏植物图鉴丛书@Azhong guo guan shang zhi wu tu jian cong shu |
| 320 | @a有书目 (第161页) 和索引。 | |
| 330 | @a本书编辑了100种 (不含变种、品种等), 以原产中国或集中分布于中国的类群为主, 收录了部分中国早年引种、栽培历史悠久、在中国园林中应用较普遍的名花与名树。对每个类群的中文名、俗名、拉丁文名、隶属科属、生活型、主要形态特征、主要生物学特性、生活环境、产地或分布地、园林特性、经济用途及繁殖方法等诸多方面做了简单的描述。每种配有多幅精美的彩色照片。 | |
| 410 | 0 | @12001 @a中国观赏植物图鉴丛书 |
| 606 | 0 | @a观赏型@Aguan shang xing@x竹亚科@j图谱 |
| 690 | @aQ949.71@v4 | |
| 701 | 0 | @a王慷林@Awang kang lin@4编著 |
| 801 | 0 | @aCN@c20070920 |
| 905 | @dQ949.71@eW243 | |
| 观赏竹类/王慷林编著.-北京:中国建筑工业出版社,2004.03 |
| 161页:彩图;21cm.-(中国观赏植物图鉴丛书) |
| ISBN 7-112-06227-6:CNY45.00 |
| 本书编辑了100种 (不含变种、品种等), 以原产中国或集中分布于中国的类群为主, 收录了部分中国早年引种、栽培历史悠久、在中国园林中应用较普遍的名花与名树。对每个类群的中文名、俗名、拉丁文名、隶属科属、生活型、主要形态特征、主要生物学特性、生活环境、产地或分布地、园林特性、经济用途及繁殖方法等诸多方面做了简单的描述。每种配有多幅精美的彩色照片。 |
| ● |
| 相关链接 |
|
|
|
正题名:观赏竹类
索取号:Q949.71/W243
 
预约/预借
| 序号 | 登录号 | 条形码 | 馆藏地/架位号 | 状态 | 备注 |
| 1 | 260891 | 202608918 | 自科库401/401自科库 36排1列3层/ [索取号:Q949.71/W243] | 在馆 | |
| 2 | 260892 | 202608927 | 自科库401/401自科库 36排1列3层/ [索取号:Q949.71/W243] | 在馆 |